Loading...
| Philosophy | 1 | 5 | 0 | 1 | 65 | 19 | 70.83 | 2 | 4 | 29.82 | 51.39 |
| Religion | 2 | 3 | 0 | 1 | 60 | 20 | 64.60 | 1 | 4 | 28.41 | 44.44 |
| History - European | 2 | 2 | 0 | 0 | 50 | 18 | 52.25 | 1 | 2 | 25.26 | 31.94 |
| History - World | 2 | 2 | 0 | 0 | 50 | 27 | 56.50 | 1 | 4 | 24.22 | 34.72 |
| Mythology | 1 | 3 | 0 | 3 | 45 | 69 | 108.25 | 0 | 0 | 8.91 | 16.67 |
| Fine Arts - Painting and Sculpture | 2 | 0 | 0 | 0 | 30 | 56 | 57.00 | 1 | 1 | 12.68 | 15.28 |
| History - American | 0 | 3 | 0 | 0 | 30 | 72 | 85.33 | 0 | 0 | 10.40 | 11.11 |
| Social Science | 0 | 3 | 0 | 2 | 30 | 102 | 111.33 | 0 | 0 | 3.58 | 5.56 |
| Literature - World | 1 | 1 | 0 | 0 | 25 | 66 | 89.50 | 0 | 0 | 9.21 | 9.72 |
| Science - Biology | 0 | 2 | 0 | 0 | 20 | 52 | 74.00 | 0 | 1 | 7.26 | 16.67 |
| History - Ancient/Other | 0 | 2 | 0 | 1 | 20 | 120 | 127.50 | 0 | 0 | 0.45 | 7.14 |
| History - Other | 1 | 0 | 0 | 0 | 15 | 20 | 20.00 | 1 | 1 | 42.59 | 50.00 |
| Fine Arts - Other | 0 | 1 | 0 | 1 | 10 | 122 | 122.00 | 0 | 0 | 0.09 | 1.39 |
| Geography | 0 | 1 | 0 | 0 | 10 | 96 | 96.00 | 0 | 1 | 7.35 | 18.75 |
| Science - Chemistry | 0 | 1 | 0 | 0 | 10 | 95 | 95.00 | 0 | 0 | 0.45 | 4.17 |
| Literature - American | 0 | 0 | 0 | 0 | 0 | 0.00 | 0 | 0 | 0.00 | 0.00 |